[Event "Charlotte Holiday GM 2020"]
[Site "Charlotte"]
[Date "2020.12.28"]
[Round "4.3"]
[White "Mishra, Abhimanyu"]
[Black "Belous, Vladimir"]
[Result "1-0"]
[WhiteElo "2338"]
[BlackElo "2524"]
[Annotator "TA"]
[PlyCount "85"]
[EventDate "2020.12.26"]
[EventType "tourn"]
[EventCountry "USA"]
[SourceTitle "playchess.com"]
[Source "ChessBase"]
[SourceQuality "1"]

{[%evp 13,85,52,78,30,41,-18,8,20,34,39,30,15,16,20,35,10,40,47,37,40,83,55,78,64,97,61,79,75,109,107,164,170,206,195,300,299,433,439,502,516,637,520,595,564,780,767,3547,3430,29970,3325,5393,692,2642,0,2243,0,1722,708,6270,763,5389,729,770,770,770,762,762,755,755,738,693,693,691,683]} 1. e4 c5 2. Nf3 Nc6 3. d4 cxd4 4. Nxd4 Nf6 5. Nc3 g6 6. Nxc6 bxc6 {6...dxc6 is the hot move.} 7. e5 Ng8 8. Bd3 {B34: Sicilian: Accelerated Dragon with 5 Nc3: sidelines.} Bg7 9. f4 (9. Bf4 $14) 9... d5 10. O-O {The position is equal.} Nh6 11. Na4 O-O 12. Be3 f6 13. exf6 {[#]} Bxf6 $146 ({Predecessor:} 13... exf6 14. Qd2 Bf5 15. Nc5 Re8 16. Bd4 Bxd3 17. cxd3 Nf5 18. Bf2 Nd6 19. Rfe1 Bh6 {1-0 (43) Mekhitarian,K (2511)-Utiyama,M (2126) Maringa 2012}) 14. c3 Nf5 15. Bxf5 Bxf5 16. Bd4 Qd6 17. Qd2 Rab8 18. Rf2 {Black is now going downhill.} Rb5 19. b4 a5 {[%cal Ra5b4]} 20. Nc5 Rbb8 21. Re1 Rbe8 (21... Qd8 $16) 22. Be5 $18 Bxe5 23. fxe5 Qb8 (23... Qc7 $142 24. Qd4 Bc8) 24. e6 (24. bxa5 Qa7 $16) 24... Be4 (24... Qd6 $142 25. Nd7 axb4 26. cxb4 (26. Nxf8 Rxf8 27. cxb4 Ra8 $16) 26... d4) 25. Nd7 ({Weaker is} 25. Nxe4 dxe4 26. bxa5 (26. Rxe4 Rd8 $16) 26... Qe5 $16) 25... Rxf2 26. Qxf2 Qd8 27. Qf7+ Kh8 28. bxa5 {[%cal Bb4a5,Ba5a6][%mdl 32]} Rg8 29. a6 Qa5 30. Qxe7 {Qf6+ would kill now.} Qxa2 31. Qf6+ Rg7 32. Qf8+ (32. Qg5 $142 Qxa6 33. Qd8+ Rg8 34. e7 Qa7+ 35. Kh1) 32... Rg8 {[%csl Ge4][%cal Ra2g2]} 33. Qf6+ Rg7 {[%csl Ge4][%cal Ra2g2]} 34. Qf8+ Rg8 {[%csl Ge4][%cal Ra2g2]} 35. Qf2 (35. Qf1 $142 Bf5 36. e7 $1) 35... Qxa6 36. Qf6+ Rg7 37. Qd8+ (37. Ne5 $142 Qb6+ 38. Kh1) 37... Rg8 38. e7 Qa7+ 39. Kh1 Qf2 {[#]} 40. Qxg8+ $1 {[%mdl 576] Remove Defender, Promotion} Kxg8 41. e8=Q+ Kg7 42. Qe7+ ({Not} 42. Rg1 Bxg2+ 43. Rxg2 Qf1+ 44. Rg1 Qf3+ {[%mdl 64] Double Attack} 45. Rg2 Qf1+ 46. Rg1 Qf3+ {[%mdl 64] Double Attack} 47. Rg2 Qf1+ $11) 42... Kh6 {[%cal Rf2e1] [#]} 43. Qf8+ $1 {Weighted Error Value: White=0.53/Black=0.66} ({Inferior is} 43. Rg1 Bxg2+ 44. Rxg2 Qf1+ 45. Rg1 Qf3+ {[%mdl 64] Double Attack} 46. Rg2 Qf1+ 47. Rg1 Qf3+ {[%mdl 64] Double Attack} 48. Rg2 Qf1+ $11) 1-0

[Event "Charlotte Holiday GM 2020"]
[Site "Charlotte"]
[Date "2020.12.28"]
[Round "4.4"]
[White "Gauri, Shankar"]
[Black "Yip, Carissa"]
[Result "1-0"]
[WhiteElo "2356"]
[BlackElo "2421"]
[Annotator "TA"]
[PlyCount "105"]
[EventDate "2020.12.26"]
[EventType "tourn"]
[EventCountry "USA"]
[SourceTitle "playchess.com"]
[Source "ChessBase"]
[SourceQuality "1"]

{[%evp 9,105,2,8,4,19,0,0,0,0,0,0,5,16,0,18,-36,26,34,30,37,41,38,36,0,17,12,5,18,26,0,-8,0,0,0,2,8,29,18,37,41,50,44,41,35,43,39,40,30,35,0,27,-96,-91,-183,-177,-167,-21,-145,-93,-86,-72,-63,-68,-66,-34,-75,10,-75,-74,-79,-77,-118,-77,-81,-93,-111,-93,-70,0,0,0,-8,0,0,0,0,0,0,184,31,31,38,39,54,1823,1821,5193,5072]} 1. Nf3 Nf6 2. g3 g6 3. b3 Bg7 4. Bb2 b5 5. Bg2 Bb7 6. O-O {A05: Réti Opening: 1 Nf3 Nf6.} O-O 7. c4 bxc4 8. bxc4 {The position is equal.} d6 9. d4 Nbd7 10. Nbd2 Rb8 11. Qc2 e6 {[#]} 12. Nb3 $146 ({White should play} 12. Rab1 $11) ({Predecessor:} 12. Rab1 c5 13. e3 cxd4 14. exd4 Qc7 15. Ba3 Rfc8 16. Rb3 Bc6 17. Qd3 Ba4 18. Rbb1 {½-½ (58) Meier,G (2628)-Globus,O (2399) Tornelo INT 2020}) 12... Ne4 (12... Be4 $15 13. Qd2 Re8) 13. Ne1 $11 f5 14. Nd3 Qe7 15. Rab1 Rfc8 16. Ba3 Ba8 17. e3 Qe8 18. c5 Ndf6 19. f3 Qa4 20. Bc1 Ng5 21. Bd2 Nf7 22. Rfc1 Qe8 23. Na5 Rxb1 24. Rxb1 e5 25. c6 e4 26. fxe4 fxe4 27. Nb4 d5 28. Rf1 Qe6 29. Qc5 Ng5 30. Qxa7 (30. Qb5 $11 {keeps the balance.}) 30... Nf3+ $1 $17 31. Rxf3 (31. Bxf3 $17 exf3 32. Rxf3) 31... exf3 $19 32. Bxf3 Qf5 ({Better is} 32... Bf8 $19 33. Kg2 Ne4) 33. Kg2 (33. Qa6 $11) 33... Ne4 (33... Rf8 $142 {( -> ...Ne4)} 34. Qc5 Ne4 35. Qxd5+ Qxd5 36. Nxd5 Nxd2) 34. g4 $17 Qg5 {[%mdl 1024] Black has strong compensation.} 35. Qa6 Re8 36. Qe2 Bf8 {White must now prevent ...h5.} (36... h5 {looks sharper.} 37. h3 hxg4 38. hxg4 Bf8 39. Be1 Bxb4 40. Bxb4 Kg7) 37. Be1 Nf6 {[#]} (37... Bxb4 $17 38. Bxb4 h5) 38. h4 (38. Nxd5 $1 $11 Nxd5 39. Qc4) 38... Qxe3 39. Qxe3 Rxe3 40. Bd2 Ra3 (40... Bxb4 {is more complex.} 41. Bxb4 Ne4 42. a3 Rd3 43. Be2 Rg3+) 41. Nxd5 {[#]} Rxf3 {[%mdl 64] Remove Defender} 42. Kxf3 Nxd5 43. Ke4 Nb4 ({Black should try} 43... Nf6+ $15 44. Kd3 Kf7) 44. d5 $11 Nxa2 45. Kd4 Nb4 46. Kc4 Nc2 47. Kb5 Kf7 48. Nb7 Bg7 $2 {[#]} (48... Na3+ $11 49. Ka6 Nc4) 49. Ka6 $2 (49. Bf4 $1 $18) 49... Be5 $1 $14 50. Ka7 Bxb7 ({Avoid the trap} 50... h5 $2 51. gxh5 gxh5 52. Kxa8 $18) 51. cxb7 c6 $2 {[%mdl 8192] [#]} (51... c5 $14) 52. Bc3 $1 $18 {[%mdl 512]} Bc7 (52... Nd4 53. Bxd4) 53. dxc6 {Quite a comeback for White.  Weighted Error Value: White=0.27/Black=0.25} 1-0

[Event "Charlotte Holiday GM 2020"]
[Site "Charlotte"]
[Date "2020.12.28"]
[Round "4.5"]
[White "Sheng, Joshua"]
[Black "Daggupati, Balaji"]
[Result "1/2-1/2"]
[WhiteElo "2474"]
[BlackElo "2399"]
[Annotator "TA"]
[PlyCount "85"]
[EventDate "2020.12.26"]
[EventType "tourn"]
[EventCountry "USA"]
[SourceTitle "playchess.com"]
[Source "ChessBase"]
[SourceQuality "1"]

{[%evp 28,85,20,0,0,0,0,0,0,-18,71,73,164,125,210,206,204,208,195,220,224,161,172,176,162,182,178,66,67,68,83,56,80,67,26,25,173,154,465,30,31,31,33,36,41,0,0,-14,-12,-67,-67,-67,-67,-76,-28,-31,-54,-54,-32,-14]} 1. d4 {Stohl,I} d5 2. c4 e6 3. Nc3 c6 4. Nf3 dxc4 5. e3 b5 6. a4 Bb4 7. Bd2 a5 8. axb5 Bxc3 9. Bxc3 cxb5 10. b3 Bb7 11. bxc4 b4 12. Bb2 Nf6 13. Bd3 O-O $1 {[%mdl 4] is currently scoring better than 13...Nbd7.} 14. O-O Nbd7 15. Re1 Ne4 {D31: Queen's Gambit Declined: Semi-Slav without ...Nf6 (+ Marshall Gambit and Noteboom) and Exchange Variation lines without ...Nf6.} 16. Nd2 Nxd2 17. Qxd2 Qc7 {The position is equal.} 18. c5 {[#]} Bc6 $146 (18... Rfb8 $11 {remains equal.}) ({Predecessor:} 18... f5 19. f3 Nf6 20. Bc4 Bd5 21. Bxd5 Nxd5 22. e4 fxe4 23. fxe4 Nf6 24. h3 Qc6 {0-1 (39) Sadler,M (2650)-Krasenkow,M (2660) Germany 1998 GER-chT [Stohl,I]}) 19. e4 $1 $16 e5 (19... Rfd8 $16) 20. Bc4 $1 $36 {[%mdl 2048] Keeping Black busy.} (20. d5 $6 Nxc5 21. dxc6 Rfd8 $11) 20... exd4 (20... Bb7 $16) 21. Qxd4 {[%csl Gb2][%cal Rd4g7]} Nf6 22. e5 $1 {[%cal Re5f6]} Rad8 23. Qh4 Ne4 24. Rxe4 Bxe4 25. Qxe4 {aiming for c6.} Qxc5 26. Rc1 {e6 is the strong threat.} Qb6 27. Bd5 (27. g3 $18) 27... a4 $14 28. Bd4 Qg6 {Threatens to win with ...Qxe4.} 29. Qf3 b3 30. h4 h5 31. Bb2 Qg4 {[#]} (31... Rd7 $1 $11) 32. Qd3 $1 $18 Rc8 $2 (32... Kh8 $16 {is a better chance.}) 33. Rc4 $2 (33. Rxc8 $18 Qxc8 34. e6 fxe6 {[#]} 35. Qg6 $1) 33... Rxc4 $11 34. Bxc4 Rc8 $1 {[%cal Rc8c4]} 35. Bb5 Qb4 $1 {White must now prevent ...a3.} 36. Qd7 (36. e6 $5 {[%cal Re6f7]} Qe1+ {[%mdl 64] Double Attack} 37. Kh2 Qxe6 38. Bxa4 $16) 36... Ra8 {Hoping for ...a3.} 37. Bc6 Rf8 {And now ...a3 would win.} 38. e6 ({Better is} 38. Bxa4 $11 Qe1+ 39. Kh2 Qxf2 {[%mdl 64] Double Attack} 40. e6 (40. Qd4 $2 Qxd4 41. Bxd4 Rd8 $19)) 38... Qe1+ $15 39. Kh2 {exf7+ would kill now.} Qxe6 40. Qd4 {[%csl Gb2][%cal Rd4g7][%mdl 64] Double Attack} Qg4 (40... Qf6 $5 41. Qxf6 gxf6 $17) 41. Qxg4 ({Much worse is} 41. Qxa4 Qxa4 42. Bxa4 Ra8 $17) ({Wrong is} 41. Bxa4 $2 Qxd4 42. Bxd4 Rb8 $19) 41... hxg4 42. Bxa4 {next Be5 is good for White.} Rb8 43. Kg3 {Weighted Error Value: White=0.32/Black=0.28} 1/2-1/2

[Event "Charlotte Holiday GM 2020"]
[Site "Charlotte"]
[Date "2020.12.29"]
[Round "5.1"]
[White "Belous, Vladimir"]
[Black "Stremavicius, Titas"]
[Result "1/2-1/2"]
[WhiteElo "2524"]
[BlackElo "2485"]
[Annotator "TA"]
[PlyCount "31"]
[EventDate "2020.12.26"]
[EventType "tourn"]
[EventCountry "USA"]
[SourceTitle "playchess.com"]
[Source "ChessBase"]
[SourceQuality "1"]

{[%evp 9,31,-20,7,-1,0,-8,-11,-8,0,-2,0,0,-4,-39,0,-18,-10,-14,-15,-30,0,0,0,-19]} 1. Nf3 f5 2. d3 Nc6 3. e4 e5 4. Nc3 Bb4 5. d4 fxe4 6. Nxe5 {C40: Latvian and Elephant Gambits.} Nf6 {[#]} 7. Bg5 $146 ({Predecessor:} 7. Be2 O-O 8. O-O Bxc3 9. bxc3 d6 10. Nxc6 bxc6 11. f3 Qe8 12. fxe4 Nxe4 13. Bd3 {0-1 (52) Nilsson,J (2224)-Rozman,L (2343) chess.com INT 2020}) 7... Qe7 8. Nxc6 dxc6 9. Bc4 Be6 10. Bxe6 Qxe6 11. O-O (11. Bxf6 $5 gxf6 12. Qh5+ Kd7 13. O-O $11) 11... O-O 12. Ne2 Bd6 13. Bxf6 Rxf6 14. c3 Rh6 15. Ng3 e3 {[#] And now ...Bxg3 would win.} 16. Qb3 {An uneventful encounter.  Weighted Error Value: White=0.05/Black=0.11} 1/2-1/2

[Event "Charlotte Holiday GM 2020"]
[Site "Charlotte"]
[Date "2020.12.29"]
[Round "5.2"]
[White "Plotkin, Mark"]
[Black "Sheng, Joshua"]
[Result "1/2-1/2"]
[WhiteElo "2435"]
[BlackElo "2474"]
[Annotator "TA"]
[PlyCount "104"]
[EventDate "2020.12.26"]
[EventType "tourn"]
[EventCountry "USA"]
[SourceTitle "playchess.com"]
[Source "ChessBase"]
[SourceQuality "1"]

{[%evp 9,104,0,10,0,4,0,3,-10,0,-83,-85,-80,-76,-80,-50,-64,-65,-60,-52,-60,-64,-63,-65,-62,-38,-41,-28,-39,0,-52,-52,-119,-76,-95,-107,-97,-106,-97,-91,-118,-90,-87,-85,-126,-139,-123,-118,-131,-133,-165,-162,-162,-143,-143,-137,-145,-147,-151,-127,-164,-180,-172,-54,-55,-59,-62,-52,-58,-73,-46,-60,-160,-70,-102,13,13,29,13,39,0,0,0,0,0,0,0,-10,-21,0,-233,-233,-223,-80,-363,0,0,0]} 1. c4 c6 2. Nf3 d5 3. e3 Nf6 4. b3 Bf5 5. Bb2 e6 6. Nh4 {A12: English Opening: 1...c6 with b3 by White.} Bg4 {[#]} 7. Qc2 $146 ({Predecessor:} 7. Be2 Bxe2 8. Qxe2 a5 9. O-O a4 10. f4 Be7 11. Nf3 O-O 12. d3 Na6 13. Ne5 Nd7 14. Nxd7 Qxd7 15. cxd5 exd5 {0-1 (42) McNab,C (2455)-Howell,D (2634) England 2013}) 7... Nbd7 8. h3 Bh5 9. g4 {[#]} (9. a3 $11) 9... Ne4 $1 $17 10. Nf3 (10. d3 Bb4+) 10... Bg6 11. d3 Qa5+ 12. Nfd2 Nxd2 13. Nxd2 O-O-O 14. cxd5 Qxd5 15. e4 Qa5 16. a3 h5 17. b4 Qc7 18. g5 Qf4 19. O-O-O (19. b5 $11 c5 20. h4) 19... Qxf2 20. d4 (20. h4 $15) 20... Kb8 (20... h4 {keeps more tension.} 21. Bd3 Qe3 22. Rde1 Qxg5 23. Rhg1 Qe7) 21. Bd3 Qe3 22. Kb1 Qxg5 23. Nc4 Rc8 24. h4 Qd8 25. d5 e5 ({But not} 25... cxd5 $6 26. exd5 exd5 27. Bxg6 $11) 26. d6 f6 27. Bf1 Bf7 28. Bh3 Qe8 29. Rhg1 Be6 30. Bf5 Rg8 31. Bh7 g6 {Hoping for ...Rg7.} 32. Bxg8 Bxg8 33. Rd3 Qe6 34. Rc3 Bf7 $1 35. Bc1 Bxd6 (35... c5 $1 $19 {[%cal Rc5b4]} 36. Ne3 Qxd6) 36. Nxd6 $15 Qxd6 37. Be3 Qe6 38. Rd1 Nb6 39. Bxb6 axb6 40. Rcd3 ({Better is} 40. Kc1 $15) 40... f5 ({Black should play} 40... Qg4 $1 $17 41. Kb2 f5) 41. Rd6 {[#]} Qb3+ (41... Qe7 $1 $17 {Strongly threatening ...Bd5!} 42. exf5 Bd5 43. Rxg6 Qxh4) 42. Qxb3 $11 Bxb3 {[%mdl 4096] Endgame KRR-KRB} 43. Rg1 Bc4 44. Rgxg6 fxe4 {Threatens to win with ...e3.} 45. Rg7 e3 {White must now prevent ...e2.} 46. Rdd7 Ba6 {And now ...e2 would win.} 47. Rge7 e2 48. Rxe5 {White wants to play Rde7.} Rf8 {aiming for ...Rf1+.} 49. Rde7 $2 (49. Kc2 $11 {and White has nothing to worry.}) 49... Rf4 $19 50. Kc2 {[#]} Rxh4 (50... Rc4+ $1 $19 {and Black stays clearly on top.} 51. Kd2 Rxh4) 51. Kd2 $2 {[%mdl 8192]} (51. Re8+ $17 {might work better.} Ka7 52. a4) 51... Bc4 $2 (51... Rh1 $19 52. a4 Bc4) 52. Re4 $11 Rxe4 {Weighted Error Value: White=0.36/Black=0.23} 1/2-1/2

[Event "Charlotte Holiday GM 2020"]
[Site "Charlotte"]
[Date "2020.12.29"]
[Round "5.3"]
[White "Daggupati, Balaji"]
[Black "Gauri, Shankar"]
[Result "1-0"]
[WhiteElo "2399"]
[BlackElo "2356"]
[Annotator "TA"]
[PlyCount "117"]
[EventDate "2020.12.26"]
[EventType "tourn"]
[EventCountry "USA"]
[SourceTitle "playchess.com"]
[Source "ChessBase"]
[SourceQuality "1"]

{[%evp 13,117,7,8,-3,0,-8,0,0,0,-9,8,-22,-14,-15,0,-4,0,-4,0,-11,-12,-50,-50,-47,-45,-48,-48,-41,-49,-58,-16,-25,-32,-28,-25,-23,-43,-84,-96,-81,-83,-85,-87,-88,-84,-66,-50,-44,-41,-66,-7,-35,-34,-100,-12,-36,-8,-27,0,-4,0,0,0,0,45,44,98,91,96,81,104,89,221,138,166,164,155,158,162,162,183,175,252,167,396,397,433,435,502,464,435,363,516,433,783,743,2155,1871,1677,722,1645,1627,29989,29990,29992,29993]} 1. e4 e5 2. Nf3 Nc6 3. Nc3 Nf6 4. Bb5 Bd6 5. a3 a6 6. Bc4 Bc5 7. d3 d6 {The main line 7...d6 scores better than 7...h6.} 8. h3 {C50: Hungarian Defence and Giuoco Pianissimo.} Be6 9. Nd5 {[%cal Bc3d5,Bd5e3,Be3c4][%mdl 32]} h6 10. b4 {The position is equal.} Ba7 {[#]} 11. Bb2 $146 ({Predecessor:} 11. b5 axb5 12. Bxb5 Nxd5 13. exd5 Bxd5 14. c4 Be6 15. d4 exd4 16. Nxd4 Bxd4 17. Qxd4 O-O 18. Bxc6 bxc6 {0-1 (59) Tveten,P (1526)-Thjomoe,H (1888) Drammen 2018}) 11... Nd4 12. Ne3 O-O 13. O-O Bxc4 14. Nxc4 Ne6 15. Re1 Re8 16. Qd2 Nh7 17. d4 exd4 18. Nxd4 (18. Bxd4 Nhg5 $17) 18... Bxd4 19. Bxd4 d5 20. Na5 dxe4 21. Rad1 Qxd4 (21... b6 {looks sharper.} 22. Nc4 Nxd4 23. Qxd4 Qe7 24. Ne3 Nf6) 22. Qxd4 Nxd4 23. Rxd4 b6 24. Nb3 f5 25. Re3 Nf6 26. Rc3 Re7 27. Rc6 Rf8 28. a4 f4 29. Kf1 f3 30. gxf3 exf3 31. Nd2 Ne8 (31... Nh5 $15) 32. Rc3 Ref7 33. Rdd3 (33. Rcc4 $15) 33... Nd6 (33... Rf4 $17 34. Rb3 Rh4 35. Rxf3 Rxf3 36. Nxf3 Rxh3) 34. Kg1 Re8 {With the idea ...Re1+.} 35. Rxf3 Rfe7 36. Rc6 Re1+ 37. Kg2 R8e7 38. a5 Rd1 39. Rd3 bxa5 ({Black should play} 39... Nf5 $14) 40. bxa5 $16 Rc1 41. Nb3 (41. Rxa6 $6 Rxc2 42. Ra8+ Kh7 $11) 41... Rb1 42. Rxa6 {And now Ra8+ would win.} Re2 {Loses the game.} (42... Nf5 $16 {was called for.}) 43. Nd4 Ree1 44. Rc6 $36 {[%mdl 2048] White is in control.} Rg1+ 45. Kf3 Nf7 46. Re3 ({Weaker is} 46. Rxc7 Ne5+ 47. Ke4 Nxd3 $11) 46... Ng5+ 47. Ke2 Ra1 (47... Rbd1 $142 48. Nf3 Nxf3 49. Kxf3 Ra1) 48. a6 {[%cal Ba5a6,Ba6a7][%mdl 32]} ({Much less strong is} 48. Rxc7 $6 Rge1+ 49. Kd3 Rxe3+ 50. fxe3 (50. Kxe3 Rxa5 51. h4 Re5+ 52. Kd2 Ne4+ 53. Ke3 Ng5+ 54. Kd2 Ne4+ 55. Ke2 g5 $16) 50... Rxa5 $16) 48... Ra4 $2 {[#]} (48... Rge1+ {is a better defense.} 49. Kd3 Red1+ 50. Kc3 Ra4) 49. Nb3 $18 Rh1 50. Nc5 Raa1 51. Rxc7 Nxh3 52. a7 Kh7 (52... Nf4+ $142 53. Kf3 Nd5 54. Rc8+ Kh7) 53. Ne6 Rhe1+ (53... h5 $142 54. Rxh3 Rhe1+ 55. Kd3 Rxe6 56. Rxh5+ Kg6) 54. Kd2 Red1+ 55. Kc3 Nxf2 56. Rxg7+ Kh8 57. Rb7 Rd6 {[#]} 58. Rf3 $1 {[%cal Rf3f8]} Ne4+ (58... Nd1+ 59. Kb4) 59. Kb2 {[%cal Rf3f8] Weighted Error Value: White=0.15/Black=0.41} 1-0

[Event "Charlotte Holiday GM 2020"]
[Site "Charlotte"]
[Date "2020.12.29"]
[Round "5.4"]
[White "Dragun, Kamil"]
[Black "Mishra, Abhimanyu"]
[Result "1/2-1/2"]
[WhiteElo "2565"]
[BlackElo "2338"]
[Annotator "TA"]
[PlyCount "53"]
[EventDate "2020.12.26"]
[EventType "tourn"]
[EventCountry "USA"]
[SourceTitle "playchess.com"]
[Source "ChessBase"]
[SourceQuality "1"]

{[%evp 16,53,0,0,25,6,14,6,25,32,48,37,34,0,31,-6,53,50,45,46,66,43,48,29,62,50,63,39,32,38,37,31,20,0,0,0,0,0,5,7]} 1. e4 e6 2. d3 d5 3. Nd2 Nf6 4. Ngf3 Nc6 5. c3 Bd6 6. g3 O-O 7. Bg2 dxe4 8. dxe4 e5 9. O-O Qe7 {A07: Réti Opening: New York and Capablanca Systems.} 10. Qe2 {[#]} h6 $146 ({Predecessor:} 10... Bg4 11. Nc4 Bc5 12. b4 Bd6 13. Ne3 Bd7 14. Nh4 g6 15. Nc4 Nh5 16. Bh6 Ng7 17. Rad1 {1-0 (42) Haakert,J (2312)-Buerckner,G (2044) Germany 2018}) 11. Nc4 Be6 12. Nh4 Rad8 13. Ne3 Qd7 14. Kh1 Bh3 15. Nef5 Bxf5 ({Black should play} 15... Bxg2+ $1 $11 16. Nxg2 Be7) 16. Nxf5 $14 Ne7 17. Ne3 Qe6 18. a4 a6 19. b4 c6 20. a5 Bb8 21. Nc4 Nc8 22. Be3 Ba7 23. Bxa7 Nxa7 24. f4 {The position is equal.} Nd7 25. Rf3 Nb5 26. Raf1 Nd6 27. Nxd6 {Weighted Error Value: White=0.10/Black=0.15} 1/2-1/2

[Event "Charlotte Holiday GM 2020"]
[Site "Charlotte"]
[Date "2020.12.29"]
[Round "5.5"]
[White "Yip, Carissa"]
[Black "Stearman, Josiah"]
[Result "1/2-1/2"]
[WhiteElo "2421"]
[BlackElo "2391"]
[Annotator "TA"]
[PlyCount "115"]
[EventDate "2020.12.26"]
[EventType "tourn"]
[EventCountry "USA"]
[SourceTitle "playchess.com"]
[Source "ChessBase"]
[SourceQuality "1"]

{[%evp 17,115,-11,0,0,17,10,14,8,16,15,14,8,8,16,9,9,35,37,38,43,43,43,70,65,66,70,72,75,90,90,125,128,117,120,134,133,128,121,178,178,170,170,176,194,161,178,171,122,113,118,118,97,95,91,100,92,137,102,122,109,235,247,289,289,318,318,317,161,300,219,336,0,296,0,331,310,295,294,291,291,264,257,219,20,21,20,20,23,23,8,8,8,8,0,9,0,23,23,30,0]} 1. e4 e5 2. Nf3 Nc6 3. d4 exd4 4. Nxd4 Nf6 5. Nxc6 bxc6 6. Bd3 d5 7. exd5 cxd5 8. O-O Be7 9. c4 O-O 10. cxd5 {C45: Scotch Game.} Bb7 11. Nc3 Nxd5 12. Bd2 {The position is equal.} Qd7 {[#]} 13. Qf3 $146 ({Predecessor:} 13. Qe2 Rfe8 14. Rfd1 Bd6 15. Qh5 Nf6 16. Qb5 Bc6 17. Qf5 Qxf5 18. Bxf5 Rab8 19. b3 {0-1 (31) Yip,C (2412)-Lagno,K (2552) Saint Louis 2020}) 13... Rad8 14. Rfe1 Nxc3 15. Qxb7 Na4 {[#]} 16. Bf4 $1 {aiming for Rad1.} Nxb2 (16... Nc5 17. Qxc7) 17. Qxb2 Bf6 {[#]} 18. Bxh7+ $1 Kxh7 19. Qc2+ Qd3 20. Rac1 Qxc2 21. Rxc2 Rfe8 {[%cal Re8e1]} 22. Kf1 Kg6 23. Rxc7 a5 24. Rxe8 Rxe8 $16 {[%mdl 4096] Endgame KRB-KRB} 25. Rc4 Rd8 26. Ke2 Rd5 27. Bd2 Bd8 (27... Re5+ $16 28. Kd1 Rh5) 28. Rg4+ $18 Kh7 29. Bc3 f6 30. Rd4 Rc5 {[#]} 31. Kd3 $1 ({Resist} 31. Rxd8 Rxc3 32. f3 Kg6 $16) 31... Bb6 32. Rd7 {Black must now prevent Bxf6.} Rg5 33. g3 Kg6 34. Bd4 (34. f3 {is interesting.} Rf5 35. Ke2 Bg1 36. Rd3 Kf7 37. h4) 34... Bxd4 35. Rxd4 $16 {KR-KR} Rb5 36. Ra4 f5 37. Ke3 Kf6 38. h4 g6 {[#]} (38... Kg6 $16 39. f3 Kh6) 39. Kf4 $1 $18 Rc5 40. f3 Rb5 41. Rc4 Rb6 42. a3 (42. a4 $142) 42... Rd6 (42... Rb3 $142) 43. Ke3 Rd5 (43... Re6+ {was called for.} 44. Kf4 Rd6) 44. Kf4 Rd6 45. Ke3 Rd5 $1 46. Rc6+ Kg7 47. g4 fxg4 48. fxg4 Rb5 49. Rc3 Kh6 50. Kd4 $2 ({White should try} 50. Ke4 $18) 50... Rb1 $1 $11 51. Ke5 Re1+ 52. Kf4 Rf1+ 53. Kg3 Rg1+ 54. Kf3 {Threatens to win with Rc6.} Rh1 {Strongly threatening ...Rh3+.} 55. Kg3 {Hoping for Rc6.} Rg1+ 56. Kf4 {Rc6 is the strong threat.} Rf1+ $1 57. Rf3 Rh1 58. Rc3 {Black escapes into a draw.  Weighted Error Value: White=0.34/Black=0.13} 1/2-1/2

[Event "Charlotte Holiday GM 2020"]
[Site "Charlotte"]
[Date "2020.12.29"]
[Round "6.1"]
[White "Stremavicius, Titas"]
[Black "Dragun, Kamil"]
[Result "1/2-1/2"]
[WhiteElo "2485"]
[BlackElo "2565"]
[Annotator "TA"]
[PlyCount "37"]
[EventDate "2020.12.26"]
[EventType "tourn"]
[EventCountry "USA"]
[SourceTitle "playchess.com"]
[Source "ChessBase"]
[SourceQuality "1"]

{[%evp 13,14,31,47]} 1. c4 Nf6 2. Nc3 g6 3. e4 d6 4. d4 Bg7 5. Bd3 O-O 6. Nge2 Nc6 7. O-O Nd7 {[#]} {Predecessor:} 8. Be3 $146 {E70: King's Indian: Miscellaneous lines with 4 e4, including 5 Nge2 and 5 Bd3 0-0 6 Nge2.} e5 9. d5 Ne7 10. b4 f5 11. f3 f4 12. Bf2 g5 13. c5 Ng6 14. cxd6 cxd6 15. Nb5 Nf6 16. Rc1 Rf7 17. Qc2 Ne8 18. Nxa7 Bd7 19. Bb5 {0-1 (77) Ivanchuk,V (2678)-Firouzja,A (2728) Europe Echecs INT 2020} 1/2-1/2